000 00664nam a2200277Ia 4500
005 20260324134146.0
008 008 260324s9999 xx 000 0 eng d
020 _a9780429181191
037 _aEBOOK
040 _aCRL
040 _beng
040 _cCRL
041 _2eng
041 _aeng
084 _qCRL
100 _aY. Hirayama; K Kishino; H Yamaguchi; Y Arakawa
_91195792
245 0 _aCompound Semiconductors 2001
260 _bTaylor and Francis
260 _c2002
365 _a
365 _b1040
856 _uhttp://www.taylorfrancis.com/books/9780429181191
942 _cEBOOK
999 _c1795559
_d1795559